College Quizbowl Stats
College Quizbowl Stats
Circuits
Seasons
Sets
Records
Detailed Stats
About
Loading...
Northeast
Tossups
Bonuses
Players
Teams
Categories (Tossup)
Categories (Bonus)
Emma Gates
Brown B
Categories
Category
Powers
Gets
Negs
BBs
Points
Earliest Buzz
Avg. Buzz
First Buzzes
Top 3 Buzzes
BPA
PVF
Social Science
0
2
0
0
20
52
70.50
0
1
7.22
11.52
Fine Arts - Other
0
1
0
0
10
96
96.00
0
0
2.50
3.33
Science - Chemistry
0
0
0
0
0
0.00
0
0
0.00
0.00
Science - Biology
0
0
1
0
-5
0.00
0
0
0.00
0.00
Buzzes
Category
Answer
Value
Buzz Position
Social Science
welfare
10
52
Science - Biology
bacteriophages
-5
88
Social Science
the self
10
89
Fine Arts - Other
Marilyn Monroe
10
96
Science - Chemistry
elimination reactions
0
108
Previous
1
Next